00533nam a2200169Ia 4500008004100000082002000041100001600061245002600077250000600103260002200109300000700131630002600138730002600164942000900190999001900199952014500218100122s9999 xx 000 0 und d b59943aBM823.08 aBLYTON ENID aNODDY AND TESSIE BEAR a0 bB.B.C BOOKSc1995 a60 aNODDY AND TESSIE BEAR aNODDY AND TESSIE BEAR cBOOK c377805d377802 00104070aSVPPARLEbSVPPARLEd2001-07-17g55.00l0o59943pSVPPARLE-59943r2010-01-25 00:00:00v55.00w2010-01-25yBOOKz", , General, NA"